| 000 | 01748nam0a2200313 4500 | ||
|---|---|---|---|
| 001 | RU\NLR\bibl\532165 | ||
| 005 | 20260407123700.0 | ||
| 035 | _a(NLR Aleph) 000524462 | ||
| 090 |
_a1313741 _c1313741 |
||
| 100 | _a20040622d2003 |||y0rusy50 ca | ||
| 101 | 0 | _arus | |
| 102 | _aRU | ||
| 105 | _ay ||||||||| | ||
| 200 | 1 |
_aИстория ОАО "АвтоВАЗ": уроки, проблемы, современность _eМатериалы. I Всерос. науч. конф., 26-27 нояб. 2003 г. _f[Лившиц А.Э., д.ист.н. и др.] |
|
| 210 |
_aТольятти _cАвтоВАЗ _d2003 |
||
| 215 |
_a346 с. _d24 |
||
| 300 | _aЗагл. обл.: Сборник трудов I Всероссийской научной конференции "История ОАО "АвтоВАЗ": уроки, проблемы, современность" | ||
| 512 | 0 | _aСборник трудов I Всероссийской научной конференции "История ОАО "АвтоВАЗ": уроки, проблемы, современность" | |
| 601 | 0 | 2 |
_a"АвтоВАЗ", акционерное общество _cТольятти, город; Самарская область _jСъезды, совещания и т.п _xИстория _92336750 _3RU\NLR\AUTH\661397018 |
| 686 | 1 | _aУ30(2)585.152.731.109.2я431 | |
| 702 | 1 |
_aЛившиц _bА. Э. _4340 |
|
| 712 | 0 | 2 |
_4570 _a"АвтоВАЗ", акционерное общество _cТольятти _3RU\NLR\AUTH\889963459 _9423190 |
| 801 | 0 |
_aRU _bNLR _c20040622 _gPSBO |
|
| 801 | 1 |
_aRU _bNLR _c20040622 |
|
| 942 | _cBOOK | ||
| 980 | _aNB | ||